000 00507nam a2200217Ia 4500
003 OSt
005 20221005124103.0
006 a|||||r|||| 00| 0
007 ta
008 221004b |||||||| |||| 00| 0 eng d
024 _a120770
037 _cTextual
040 _aCRL
_cCRL
_beng
041 _2eng
_aeng
100 _aWilks Samuels
_9634679
245 0 _aMathematical statistics
260 _c1963
650 _aMATHEMATICS
942 _cTEXL
_2cc
999 _c1049419
_d1049419